000 00886nam a2200253 i 4500
001 103073
003 ES-MaACL
005 20260201174638.0
007 t|
008 060110s2005 sp ||||1| spa d
020 _a84-7785-659-1
080 _a821.134.2 Altolaguirre, Manuel 1.07
100 1 _aBreysse-Chanet, Laurence.
_931661
245 1 0 _aEn la memoria del aire
_b: poesía y poética de Manuel Altolaguirre /
_cLaurence Breysse-Chanet.
250 _a1ª ed.
260 _aMálaga :
_bCentro Cultural de la Generación del 27,
_c2005.
300 _a269 p. ;
_c24 cm.
490 1 _aEstudios del 27 ;
_v7
600 0 4 _aAltolaguirre Bolín, Manuel,
_d1905-1959-
_xCrítica e interpretación
_920556
710 2 _aCentro Cultural Generación del 27.
_92582
830 1 _aEstudios del 27 ;
_v7
_9227330
852 _aES-MaACL
_jL-29263
999 _c103073
_d103073